Schweizer Parteien im Parlament - Statistiken

Allgemein
  • Dieses Quiz wurde 390 mal gespielt
  • Das Durchschnittsergebnis liegt bei 8 aus 12
Antworten auf der Karte
Die Antworten werden auf der Karte rot bzw. grün angezeigt, abhängig davon wie oft sie richtig erraten wurden.
 
Antwortstatistiken
Sitze Nationalrat Sitze Ständerat Partei % Korrekt
53 6 Schweizerische Volkspartei
98%
29 12 FDP.Die Liberalen
97%
39 9 Sozialdemokratische Partei
97%
28 5 GRÜNE
96%
25 13 Christlichdemokratische Volkspartei
91%
3 - Bürgerlich-Demokratische Partei
79%
16 - Grünliberale Partei
78%
3 - Evangelische Volkspartei
59%
1 - Lega dei Ticinesi
36%
1 - Eidgenössisch-Demokratische Union
34%
1 - Partei der Arbeit der Schweiz
25%
1 - solidaritéS
3%
Keine übereinstimmenden Quizze gefunden
Verteilung der Resultate
Anzahl Personen mit jedem Resultat
Perzentil nach korrekt beantworteten Fragen
Ihre Resultats-Entwicklung
Sie haben dieses Quiz noch nicht gespielt